000 00605nam a22001817a 4500
003 UA-OsUOA
001 13990
007 ta
008 20030708b un ||||| |||| 00| 0 ukr d
100 _aСтецюк Т.
942 _cSA
040 _aUA-OsUOA
_cUA-OsUOA
_dUA-OsUOA
245 _aЗа рішеннями дії : [Працівники культури області провели V пленум галуз. профспілки]
300 _aС.2
955 _a0
773 0 _w0
_tЗа відродження
_dРівне
_d2003
_g№22/30 трав./
650 7 _aКраєзнавча робота
_2UDC
999 _c300151
_d300151